Podnikateľský plán vybraného podniku bakalárska práca

Enregistré dans:
Détails bibliographiques
Auteur principal: Paulínyová, Lucia
Collectivité auteur: Fakulta podnikového manažmentu EU. Katedra manažmentu
Autres auteurs: Šinský, Peter
Format: Livre
Langue:slovaque
Publié: Bratislava 2010
Tags: Ajouter un tag
Pas de tags, Soyez le premier à ajouter un tag!

MARC

LEADER 00000nbm a2200000 4500
001 0133365
005 20161109111521.9
041 0 |a slo 
044 |a SK 
245 1 0 |a Podnikateľský plán vybraného podniku  |b bakalárska práca  |c Lucia Paulínyová ; školiteľ: Peter Šinský 
264 1 |a Bratislava  |c 2010 
300 |a 46 s. 
100 1 |a Paulínyová, Lucia 
700 1 |a Šinský, Peter 
710 2 |a Fakulta podnikového manažmentu EU. Katedra manažmentu